<?xml version="1.0" encoding="UTF-8"?><?xml-stylesheet type="text/xsl" href="static/style.xsl"?><OAI-PMH xmlns="http://www.openarchives.org/OAI/2.0/" xmlns:xsi="http://www.w3.org/2001/XMLSchema-instance" xsi:schemaLocation="http://www.openarchives.org/OAI/2.0/ http://www.openarchives.org/OAI/2.0/OAI-PMH.xsd"><responseDate>2026-04-27T14:36:42Z</responseDate><request verb="GetRecord" identifier="oai:uvadoc.uva.es:10324/51990" metadataPrefix="marc">https://uvadoc.uva.es/oai/request</request><GetRecord><record><header><identifier>oai:uvadoc.uva.es:10324/51990</identifier><datestamp>2022-02-13T19:36:16Z</datestamp><setSpec>com_10324_38</setSpec><setSpec>col_10324_852</setSpec></header><metadata><record xmlns="http://www.loc.gov/MARC21/slim" xmlns:doc="http://www.lyncode.com/xoai" xmlns:xsi="http://www.w3.org/2001/XMLSchema-instance" xmlns:dcterms="http://purl.org/dc/terms/" xsi:schemaLocation="http://www.loc.gov/MARC21/slim http://www.loc.gov/standards/marcxml/schema/MARC21slim.xsd">
<leader>00925njm 22002777a 4500</leader>
<datafield tag="042" ind1=" " ind2=" ">
<subfield code="a">dc</subfield>
</datafield>
<datafield tag="720" ind1=" " ind2=" ">
<subfield code="a">Palencia Cuadrado, Nora</subfield>
<subfield code="e">author</subfield>
</datafield>
<datafield tag="260" ind1=" " ind2=" ">
<subfield code="c">2021</subfield>
</datafield>
<datafield tag="520" ind1=" " ind2=" ">
<subfield code="a">El derecho de representación se encuentra regulado en los artículos 924 y siguientes del CC. Este derecho permite a los descendientes o sobrinos ocupar el lugar del premuerto en la herencia del causante, siendo representantes de la parte que a éste le correspondería.&#xd;
Es una institución que inicialmente surge para la sucesión intestada, pero que a lo largo de los años se ha ido aplicando a la sucesión testada para no perjudicar a los descendientes del incapaz o desheredado, pero solo en su parte de legítima. Analizaremos su posible extensión a la repudiación.</subfield>
</datafield>
<datafield tag="520" ind1=" " ind2=" ">
<subfield code="a">The right of the representation is regulated in the articles 924 and following of CC. This right allow to the descendants or nephews take the pre-dead place in the de cuius heritage, being representatives of the part that would belong to this.&#xd;
It is an institution initially arisen for the intestate succession, but over the years has been applied in the testate succession in order to not to harm to the descendants of the disqualificated to succession or disinheritated, but only in its legitime. We will analyze its possible extension to the repudiation.</subfield>
</datafield>
<datafield tag="024" ind2=" " ind1="8">
<subfield code="a">https://uvadoc.uva.es/handle/10324/51990</subfield>
</datafield>
<datafield tag="245" ind1="0" ind2="0">
<subfield code="a">El derecho de representación en la sucesión hereditaria</subfield>
</datafield>
</record></metadata></record></GetRecord></OAI-PMH>